|
|
|
|
| LEADER |
00000nab a2200000 a 4500 |
| 001 |
vtls000691598 |
| 003 |
SK-MaSNL |
| 005 |
20260303043636.0 |
| 008 |
180206c1999 xo 0 slo |
| 015 |
|
|
|a SNBRB1999/04-10207
|
| 035 |
|
|
|a CLN000043765
|
| 040 |
|
|
|a SNKBUCL
|b slo
|c SNKBUCL
|e AACR2
|
| 041 |
0 |
|
|a slo
|
| 044 |
|
|
|a xo
|c SK
|
| 080 |
|
|
|a 336.121(437.6)
|2 UDC-MRF-SK2
|
| 100 |
1 |
|
|a Háber, Stanislav,
|d 1966-
|4 aut
|9 102624
|
| 245 |
1 |
0 |
|a Guinnessova rozpočtová kniha rekordov
|b Miroslav Maxom k likvidačnému štátnemu rozpočtu: Takto sa nerodia dobré veci
|c spracoval Stanislav Háber
|
| 300 |
|
|
|b Fotogr.
|
| 650 |
0 |
7 |
|a rozpočet štátny
|z Slovensko
|y 1999
|x návrhy
|2 snkbucl
|9 891241
|
| 655 |
|
7 |
|a články z novín a časopisov
|2 snkbucl
|9 267496
|
| 700 |
1 |
|
|a Maxon, Miroslav,
|d 1951-
|4 aut
|9 119096
|
| 773 |
0 |
|
|t Slovenská republika
|g Roč. 7, č. 80 (8.4.1999), s. 11
|
| 850 |
|
|
|a Slovenská národná knižnica v Martine
|
| 852 |
|
|
|a SNK
|b KIS3GCP
|
| 958 |
|
|
|a RBX
|
| 999 |
|
|
|c 1697713
|d 1699643
|